000 00964nam a2200229Ia 4500
001 21599
005 20260420120524.0
008 260320s9999||||xx |||||||||||||| ||und||
020 _a9789687270913
041 _aESP
082 _a658.562
_bM26
100 _aMartin, William B.,
_eAUT
245 0 _aDirección de los servicios de calidad al cliente
260 _aMéxico, D. F. :
_bIberoamérica,
_c1992
300 _avii, 93 páginas :
_c25 cm.
650 _aTCA
653 _aAdministración; Gerencia de producción; Control de calidad
654 _aCAN
856 _uhttps://0u213x74l-y-https-ebooks7--24-com.itmsp.museknowledge.com/visorBook.aspx?i=10765&t=C8B1BC01-8914-4164-A026-EEA1F57E2020
_zVéase además: Administración y control de la calidad, por James Evans. Versión digital
856 _uhttps://itmsp.museknowledge.com/UCSP?groupID=2&action=source&sourceID=eBooks724
_zVéase además: Base de datos Ebook7-24
942 _cLIB
_dJUS
_fTRC
_2ddc
999 _c21599
_d21599